000 00695nam a2200181 a 4500
008 130905s2010 ||||||||||||||||| || u
050 _aHC 915 Zam
110 _aZambia High Commission to India
245 1 0 _aZambia at 45: annual business magazine
_cby Zambia High Commission to India.
250 _a14
260 _aNew Delhi:
_bZambia High Commission to India
_c2010
300 _a90p.: ill.
500 _aBibliography
650 _aZAMBIA--ECONOMIC CONDITIONS
650 _aBUSINESS ENTERPRISES--ZAMBIA
650 _aZAMBIA--FOREIGN ECONOMIC RELATIONS
995 _FCBU-MAIN LIBRARY (Kitwe)
_M1
_UAVAILABLE
_WSep 11, 2013
_ZZambiana Collection
999 _c62346
_d62346